| 000 | 01779cam a22003491i 4500 | ||
|---|---|---|---|
| 003 | SA-RiAUC | ||
| 005 | 20250602102925.0 | ||
| 008 | 250511s1994 le g b 000 p ara c | ||
| 040 |
_aSA-RiAUC _bara _cSA-RiAUC _erda |
||
| 050 | 4 | _bQ27 1994 | |
| 082 | 0 | 4 |
_a811.6 _qSA-RiAUC |
| 090 |
_a811.6 _b ج ز ي |
||
| 100 | 1 |
_aالجزيري، عبد الملك بن إدريس، _dتوفي 394 هجري. _eمؤلف. |
|
| 245 | 1 | 0 |
_aقصيدة أبي مروان عبد الملك بن إدريس الجزيري في الآداب والسنة المتوفي سنة 394 هـ. / _cتحقيق هلال ناجي. |
| 250 | _aالطبعة الأولى. | ||
| 264 | 1 |
_aبيروت : _bدار الغرب الإسلامي، _c1994 |
|
| 300 |
_a73 صفحة ؛ _c23 سم |
||
| 336 |
_aنص _btxt _2rdacontent _3كتاب |
||
| 337 |
_aبدون وسيط _bn _2rdamedia |
||
| 338 |
_aمجلد _bnc _2rdacarrier |
||
| 504 | _aببليوجرافية : صفحة 69-71. | ||
| 600 | 1 | 7 |
_aالجزيري، عبد الملك بن إدريس، _dتوفي 394 هجري _2aucnm |
| 650 | 7 |
_aالشعر العربي _zالأندلس _2aucsh |
|
| 650 | 7 |
_aالشعر العربي _zالأندلس _xتاريخ ونقد _2aucsh |
|
| 650 | 7 |
_aالأدب العربي _zالأندلس _2aucsh |
|
| 650 | 7 |
_aالشعر الديني _2aucsh |
|
| 650 | 7 |
_aالشعر العربي الديني _zالأندلس _2aucsh |
|
| 700 | 1 |
_aناجي، هلال، _d1929-2011 _eمحقق. |
|
| 700 | 1 | 2 |
_iتحقيق لـ : _aالجزيري، عبد الملك بن إدريس، _dتوفي 394 هجري. _tقصيدة أبي مروان عبد الملك بن إدريس الجزيري في الآداب والسنة المتوفي سنة 394 هـ. |
| 942 |
_2ddc _cBOOK _n0 |
||
| 949 |
_aSA-JeALM _d250511 _umohamedma123 _n1 |
||
| 999 |
_c8664 _d8664 |
||